| 000 | 00925nac a22003137a 4500 | ||
|---|---|---|---|
| 001 | BR7304438 | ||
| 003 | BR-BrBNA | ||
| 005 | 20240105113523.0 | ||
| 008 | 230509b bl.|||m| |||| 00| 0 por d | ||
| 040 |
_aBR-BrBNA _bpor _cBiblioteca Nacional de Agricultura |
||
| 072 | _aH60; H50 | ||
| 090 | _a0230 BR7304438 | ||
| 100 | 1 | _aOliveira, H. | |
| 100 | 1 | _aFernandes, R.S. | |
| 100 | 1 | _aGregori, R. | |
| 100 | 1 | _aParanhos, S.B. | |
| 100 | 1 | _aEspironelo, A. | |
| 110 | 1 | _aInstituto Agronomico, Campinas, SP (Brasil) | |
| 245 | 1 | _aHerbicidas em cultura de cana-de-acucar [Brasil] | |
| 260 | 3 |
_aCampinas, SP (Brasil): _c1973. |
|
| 300 | _a12 p. | ||
| 490 |
_aBoletim Tecnico - Instituto Agronomico (Brazil) _vno. 2 _x |
||
| 500 | _aSummaries (En, Pt) | ||
| 650 | _aCANA DE ACUCAR | ||
| 650 | _aHERBICIDA | ||
| 650 | _aFITOTOXICIDADE | ||
| 909 |
_a202312 _bLúcia Elande _c55 _dLúcia Elande |
||
| 942 |
_2AGRIS _n0 _cMS |
||
| 999 |
_c264206 _d264206 |
||